John Lyon's Charity v Shalson (Record no. 73298)

MARC details
000 -LEADER
fixed length control field 02268cam a2200289 4500
001 - CONTROL NUMBER
control field ABS67000
008 - FIXED-LENGTH DATA ELEMENTS--GENERAL INFORMATION
fixed length control field 030829n2003 000 0 eng u
035 ## - SYSTEM CONTROL NUMBER
System control number (Sirsi) u123399
245 ## - TITLE STATEMENT
Title John Lyon's Charity v Shalson
Medium [electronic resource]
260 ## - PUBLICATION, DISTRIBUTION, ETC.
Date of publication, distribution, etc. 2003
490 ## - SERIES STATEMENT
Series statement Estates Gazette
Volume/sequential designation [2003] 27 EG 339 139-145(7)
520 ## - SUMMARY, ETC.
Summary, etc. [2003] UKHL 32, 12 June 2003. Appeal by tenant (S) from a CA judgment ([2002] EWCA Civ 538 Abs65746) on appeal from LT, holding that a re-conversion of flats into a house could not constitute an improvement increasing its value under the Leasehold Reform Act 1967 s9(1A)(d) because it reversed a previous conversion of the house into flats. "Held", appeal allowed. The works that had re-converted the property into a single dwelling, constituted improvements within s9(1A)(d) of the Act and their value fell to be disregarded in determining the enfranchisement price. In order to rely on the improvement disregard, S had to identify the improvements carried out at his and his predecessors in title's expense and satisfy the tribunal that, but for those improvements, the premises would be worth less. The word improvement refers to a physical not an economic concept. The earlier conversion into flats made no difference to the value of the house at valuation date as they had ceased to exist. If the later re-conversion had not taken place, the earlier improvements would have still existed and the dwelling would have been worth less. To the extent that it was worth more, S was entitled to a reduction in the open market value. View judgment at www.publications.parliament.uk. (See also Abs67002).
590 ## - LOCAL NOTE (RLIN)
Local note ABS
650 ## - SUBJECT ADDED ENTRY--TOPICAL TERM
Topical term or geographic name entry element LEASEHOLD VALUATION TRIBUNALS
650 ## - SUBJECT ADDED ENTRY--TOPICAL TERM
Topical term or geographic name entry element RESTRICTIVE COVENANTS
650 ## - SUBJECT ADDED ENTRY--TOPICAL TERM
Topical term or geographic name entry element DISREGARDS
650 ## - SUBJECT ADDED ENTRY--TOPICAL TERM
Topical term or geographic name entry element RECONVERSION
650 ## - SUBJECT ADDED ENTRY--TOPICAL TERM
Topical term or geographic name entry element LEASEHOLD ENFRANCHISEMENT
650 ## - SUBJECT ADDED ENTRY--TOPICAL TERM
Topical term or geographic name entry element HOUSE CONVERSIONS
650 ## - SUBJECT ADDED ENTRY--TOPICAL TERM
Topical term or geographic name entry element FREEHOLD
650 ## - SUBJECT ADDED ENTRY--TOPICAL TERM
Topical term or geographic name entry element LEASEHOLD REFORM ACT 1967 S9(1A)(D)
650 ## - SUBJECT ADDED ENTRY--TOPICAL TERM
Topical term or geographic name entry element LEASEHOLD REFORM ACT 1967 S21(1A)
650 ## - SUBJECT ADDED ENTRY--TOPICAL TERM
Topical term or geographic name entry element JOHN LYON'S CHARITY V SHALSON
690 ## - LOCAL SUBJECT ADDED ENTRY--TOPICAL TERM (OCLC, RLIN)
Topical term or geographic name as entry element LANDLORD AND TENANT-LEASEHOLD REFORM-CASE LAW
856 ## - ELECTRONIC LOCATION AND ACCESS
Uniform Resource Identifier <a href="https://www.publications.parliament.uk/pa/ld200203/ldjudgmt/jd030612/lyon-1.htm">https://www.publications.parliament.uk/pa/ld200203/ldjudgmt/jd030612/lyon-1.htm</a>
Public note View the judgment at www.publications.parliament.uk
942 ## - ADDED ENTRY ELEMENTS (KOHA)
Suppress in OPAC 0
Holdings
Withdrawn status Lost status Source of classification or shelving scheme Damaged status Not for loan Home library Current library Shelving location Date acquired Total Checkouts Full call number Barcode Date last seen Copy number Price effective from Koha item type
    Dewey Decimal Classification     London London Journal article 29/08/2003   ABS67000 123399-1001 06/08/2019 1 06/08/2019 Law report